Loading...
| History - World | 0 | 5 | 1 | 1 | 45 | 22 | 80.60 | 0 | 2 | 20.24 | 27.73 |
| History - European | 0 | 4 | 0 | 2 | 40 | 52 | 96.00 | 0 | 2 | 10.35 | 19.09 |
| Other Academic | 0 | 3 | 0 | 0 | 30 | 16 | 40.67 | 2 | 3 | 49.25 | 72.92 |
| History - American | 0 | 3 | 2 | 1 | 20 | 81 | 103.00 | 0 | 0 | 5.90 | 11.82 |
| Fine Arts - Painting and Sculpture | 0 | 2 | 0 | 0 | 20 | 61 | 74.00 | 1 | 1 | 8.30 | 14.17 |
| Geography | 0 | 2 | 0 | 1 | 20 | 34 | 82.50 | 1 | 1 | 36.29 | 50.38 |
| History - Other | 0 | 2 | 1 | 0 | 15 | 34 | 48.00 | 0 | 2 | 12.05 | 16.67 |
| Social Science | 0 | 1 | 0 | 0 | 10 | 84 | 84.00 | 0 | 0 | 3.64 | 7.27 |
| Fine Arts - Other | 0 | 1 | 0 | 0 | 10 | 40 | 40.00 | 1 | 1 | 7.20 | 9.17 |
| Science - Chemistry | 0 | 1 | 0 | 0 | 10 | 122 | 122.00 | 0 | 0 | 0.00 | 0.91 |
| Science - Other | 0 | 1 | 0 | 0 | 10 | 101 | 101.00 | 0 | 0 | 1.58 | 3.33 |
| Mythology | 0 | 1 | 1 | 0 | 5 | 90 | 90.00 | 0 | 0 | 2.68 | 5.00 |